000 00520nam a2200169 i 4500
001 85888
003 ES-MaACL
007 t|
008 041202s1977 ag ||||1| spa d
100 0 _aKafka, Franz,
_d1883-1924
_967400
245 1 0 _aContemplación /
_cFranz Kafka ; traducción, prólogo y notas pos Oscar Caeiro.
260 _aBuenos Aires :
_bGoncourt,
_c[1977]
300 _a57 p. ;
_c19 cm.
700 1 _aCaeiro, Oscar.
_933406
852 _aES-MaACL
_jL-7895
_bR.107536
999 _c85888
_d85888